000 00317nam a22001217a 4500
008 180607b xxu||||| |||| 00| 0 eng d
041 _aeng
080 _a043.3
100 _a0
101 _aSHKI-MTH
245 _aPortali online studentore për sistemin edukativo arsimorë në Kosovë
_cHelshani,L
942 _2udc
_cBK
999 _c46600
_d46600